| 000 | 01034cam a22002651a 4500 | ||
|---|---|---|---|
| 001 | agr57000261 | ||
| 003 | DLC | ||
| 005 | 20260227111019.0 | ||
| 008 | 831111s1957 dcua f000 0 eng | ||
| 010 | _aagr57000261 | ||
| 035 | _a(OCoLC)10120003 | ||
| 040 |
_aDLC _cIMolD _dDNAL _dDLC |
||
| 042 | _apremarc | ||
| 050 | 0 | 0 |
_aS21 _b.A46 no. 740 |
| 070 | 0 |
_a1 _bAg84M no.740 |
|
| 072 | 0 |
_aE710 _aQ004 |
|
| 245 | 0 | 0 |
_aGrain grading primer / _c[prepared by the Grain Division, Agricultural Marketing Service]. |
| 260 |
_aWashington, D.C. : _bU.S. Dept. of Agriculture, _c1957. |
||
| 300 |
_a66 p. : _bill. ; _c24 cm. |
||
| 490 | 1 |
_aMiscellaneous publication / United States Department of Agriculture ; _vno. 740 |
|
| 500 | _aRevision of and supersedes Agriculture handbook no. 59 of the same title by W.B. Combs and F.G. Smith. | ||
| 650 | 0 |
_aGrain _xGrading. |
|
| 710 | 1 |
_aUnited States. _bAgricultural Marketing Service. _bGrain Division. |
|
| 830 | 0 |
_aMiscellaneous publication (United States. Department of Agriculture) ; _vno. 740. |
|
| 999 |
_c11614 _d11614 |
||